Zum ewigen frieden

Na minha lista:
Detalhes bibliográficos
Autor principal: Kant, Immanuel
Formato: Livro
Idioma:Undetermined
Publicado em: Stuttgart, Alemania Reclam 1971
Assuntos:
Tags: Adicionar Tag
Sem tags, seja o primeiro a adicionar uma tag!

MARC

LEADER 00000nam a2200000Ia 4500
008 170316s9999 xx 000 0 und d
090 |a 100 K-1z 
100 |a Kant, Immanuel 
245 |a Zum ewigen frieden 
260 |a Stuttgart, Alemania 
260 |b Reclam 
260 |c 1971 
300 |a 84 páginas 
650 |a FILOSOFÍA 
999 |c 16671  |d 16671 
040 |a cru BVZT 
942 |c 15 D  |h 100 K-1z  |2 z